00669nam a2200229Ia 4500008004100000020001800041041000800059082001800067100002100085245003700106250000800143260003800151300000800189365001300197650004100210700001700251700002200268700002000290942001200310999001900322952009800341140306s9999 xx 000 0 und d a9788131505632 aeng a651.7bKRI/EF aKrizan, Bddy A C aEffective Business Communication a1st aNew DelhibCengage Learningc2008 a436 bRs.390/- aPrinciples of Business Communication aLogan, Joyce aMarrier, Patricia aWilliams, Karen 2ddccBK c188342d188342 00102ddc4070aKAUCBVbKAUCBVg390.00l0o651.7 KRI/EFr2014-03-22 00:00:00w2014-03-22yBK